LEADER 05813nam 22006975 450 001 9910304141303321 005 20251116140243.0 010 $a3-319-08765-7 024 7 $a10.1007/978-3-319-08765-8 035 $a(CKB)3710000000321496 035 $a(EBL)1967217 035 $a(OCoLC)908086500 035 $a(SSID)ssj0001407825 035 $a(PQKBManifestationID)11811704 035 $a(PQKBTitleCode)TC0001407825 035 $a(PQKBWorkID)11411801 035 $a(PQKB)11649484 035 $a(DE-He213)978-3-319-08765-8 035 $a(MiAaPQ)EBC1967217 035 $a(PPN)183151682 035 $a(EXLCZ)993710000000321496 100 $a20141216d2015 u| 0 101 0 $aeng 135 $aurnn#008mamaa 181 $ctxt 182 $cc 183 $acr 200 10$aClinical Videoconferencing in Telehealth $eProgram Development and Practice /$fedited by Peter W. Tuerk, Peter Shore 205 $a1st ed. 2015. 210 1$aCham :$cSpringer International Publishing :$cImprint: Springer,$d2015. 215 $a275 pages $cillustrations ;$d26 cm 225 1 $aBehavioral Telehealth,$x2199-8604 311 08$a3-319-08764-9 320 $aIncludes bibliographical references at the end of each chapters and index. 327 $aPart I: Clinic Managers and Administrators: A Sequential Guide to Establishing Sustainable Programming: Technologies and Clinical Videoconferencing Infrastructures: A guide to selecting appropriate systems -- Conducting a Telehealth Needs Assessment -- Common Elements of the Expert Consensus Guidelines or Clinical Videoconferencing -- Policy Development, Procedures and Tools for Navigating Regulations -- Pulling it All Together: Logistics of Program Implementation -- Program Evaluation and Modification: Supporting Pragmatic and Data-Driven Clinical Videoconferencing (CV) Services -- Part II: For Clinicians: Clinical Standards and Protocols to Support Effective and Safe Intervention: The Informed Consent Process for Therapeutic Communication in Clinical Videoconferencing -- Patient Safety Planning and Emergency Management -- Clinical Assessment in Clinical Videoconferencing -- Therapeutic Alliance in Clinical Videoconferencing: Optimizing the Communication Context. 330 $aResearch findings and dissemination are making healthcare more effective. Electronic health records systems and advanced tools are making care delivery more efficient. Legislative reforms are striving to make care more affordable. Efforts still need to be focused on making healthcare more accessible.  Clinical Videoconferencing in Telehealth takes a comprehensive and vital step forward in providing mental health and primary care services for those who cannot make traditional office visits, live in remote areas, have transportation or mobility issues, or have competing demands. Practical, evidence-based information is presented in a step by step format at two levels: for administrators, including information regarding selecting the right videoconferencing technology, navigating regulatory issues, policy temples, boilerplate language for entering into care agreements with other entities, and practical solutions to multisite programming; and for clinicians, including protocols for safe, therapeutically sound practice, informed consent,  and tips for overcoming common technical barriers to communication in clinical videoconferencing contexts.  Checklists, tables, templates, links, vignettes and other tools help to equip professional readers for providing safe services that are streamlined and relevant while avoiding guesswork, false starts, and waste. The book takes a friendly-mentor approach to communication in areas such as:  Logistics for administrators: Clinical videoconferencing infrastructures and technologies Policy development, procedures, and tools for responsible and compliant programming Navigating issues related to providing services in multiple locations   Protocols for clinicians: The informed consent process in clinical videoconferencing Clinical assessment and safety planning for remote services Minimizing communication disruption and optimizing the therapeutic alliance Clinical Videoconferencing in Telehealth aptly demonstrates the promise and potential of this technology for clinicians, clinic managers, administrators, and others affiliated with mental health clinical practices. It is designed to be the comprehensive ?one-stop? tool for clinical videoconferencing service development for programs and individual clinicians. 410 0$aBehavioral Telehealth,$x2199-8604 606 $aClinical psychology 606 $aApplication software 606 $aPsychology?Methodology 606 $aPsychometrics 606 $aClinical Psychology$3https://scigraph.springernature.com/ontologies/product-market-codes/Y12005 606 $aComputer Appl. in Social and Behavioral Sciences$3https://scigraph.springernature.com/ontologies/product-market-codes/I23028 606 $aPsychological Methods/Evaluation$3https://scigraph.springernature.com/ontologies/product-market-codes/Y20040 615 0$aClinical psychology. 615 0$aApplication software. 615 0$aPsychology?Methodology. 615 0$aPsychometrics. 615 14$aClinical Psychology. 615 24$aComputer Appl. in Social and Behavioral Sciences. 615 24$aPsychological Methods/Evaluation. 676 $a362.1028 702 $aTuerk$b Peter W.$4edt$4http://id.loc.gov/vocabulary/relators/edt 702 $aShore$b A. F$g(Arthur Frank),$4edt$4http://id.loc.gov/vocabulary/relators/edt 801 0$bMiAaPQ 801 1$bMiAaPQ 801 2$bMiAaPQ 906 $aBOOK 912 $a9910304141303321 996 $aClinical Videoconferencing in Telehealth$91995419 997 $aUNINA